000 00501nam a22001817a 4500
005 20260513112321.0
008 260513b |||||||| |||| 00| 0 eng d
020 _a9780000990150
_c995.00
040 _aMAIN
041 _aEnglish
082 _a512.7
_bBIN
100 _aBing, Yu Hong
_926799
245 _aProblems of Number Theory in Mathematical Competitions
260 _aNew Jersey
_bWorld Scientific
_c2021
300 _a106
_cVol.2nd
650 _aMathematics (PM USHA)
_926738
942 _cBK
999 _c60773
_d60773